00749 2200229 4500001002100000005001700021008004100038035002500079040001200104082001200116084001700128100002400145245007400169260004600243300003800289500008300327504003000410650003000440700001900470850001200489990001800501INLIS00000000000934420150808133814.0  a0010-081500000000782 aYOPDYOG 223a388 aSK 388 Pra D aPRASTIWI Widiastuti aDinamika kebijakan bus perkotaan di Yogyakartac/ Prastiwi Widiastuti aYogyakartabUniversitas Gadjah Madac2006 ax, 141 lembar : ilus.c; 29,5 cm. aSkripsi Jurusan Ilmu Administrasi Negara Fakultas Ilmu Sosial dan Ilmu Politik aBibliografi: hlm. 139-141 aBus--Kebijakan Pemerintah aSAMODRA Wibawa aYOPDYOG a47554-PD/A.15